000
00323nam a2200109Ia 4500
008
171211s9999 xx 000 0 und d
245
_a
Pushing Pixels: Secret Weapons for the Modern Flash Animator
245
_c
Chris Georgenes
260
_c
2012
650
_x
Design
856
_u
http://down.ebook777.com/060/0240818431.pdf
999
_c
347952
_d
347952